Sports Quiz

Random Sports or Canada Quiz

Montreal Canadiens Top 10 Scorers per Decade Quiz Stats

 Plays Quiz not verified by Sporcle

Score 0/100 Timer 11:00
0 Plays Today
% Correct
Maurice Richard
98.3%
Maurice Richard
98.3%
Henri Richard
98.2%
Henri Richard
98.2%
Guy Lafleur
96.9%
Guy Lafleur
96.9%
Jean Beliveau
95.5%
Jean Beliveau
95.5%
Saku Koivu
93.7%
Saku Koivu
93.7%
Larry Robinson
92.9%
Larry Robinson
92.9%
Andrei Markov
89.2%
Vincent Damphousse
89.2%
Jacques Lemaire
88.7%
Howie Morenz
88.3%
Howie Morenz
88.3%
Steve Shutt
88.3%
Steve Shutt
88.3%
Andrei Markov
88.3%
Bernie Geoffrion
87.8%
Bernie Geoffrion
87.8%
Yvan Cournoyer
87.7%
Yvan Cournoyer
87.7%
Serge Savard
86%
Tomas Plekanec
85.9%
Tomas Plekanec
85.9%
P.K. Subban
83.7%
Guy Lapointe
82.6%
Mats Näslund
82.6%
Doug Harvey
81.4%
Alexei Kovalev
81.3%
Max Pacioretty
81%
Elmer Lach
80.4%
% Correct
Elmer Lach
80.4%
Dickie Moore
80.2%
Dickie Moore
80.2%
Frank Mahovlich
79.5%
Pete Mahovlich
79.4%
Bob Gainey
79.3%
Toe Blake
78.8%
Toe Blake
78.8%
Guy Carbonneau
76.5%
Bobby Smith
74.8%
Stephane Richer
74.6%
Mario Tremblay
73.5%
Gilles Tremblay
73.4%
Mark Recchi
72.8%
Brian Gionta
71.8%
Kirk Muller
71.4%
Aurele Joliat
71.3%
Aurele Joliat
71.3%
Brendan Gallagher
70.1%
Alex Galchenyuk
66.9%
Newsy Lalonde
64.6%
Joe Malone
63.5%
Michael Cammalleri
59.7%
Sheldon Souray
58.6%
Patrice Brisebois
57.9%
Shayne Corson
57.6%
Butch Bouchard
57.5%
Michael Ryder
56.1%
Bobby Rousseau
53.5%
Claude Provost
53.3%
David Desharnais
50.6%
Yvon Lambert
50.3%
Bert Olmstead
47.4%
Richard Zednik
47.1%
% Correct
Martin Rucinsky
46.8%
Mike Keane
46.5%
Stephan Lebeau
46.2%
Sprague Cleghorn
44.5%
Odie Cleghorn
44.4%
Mathieu Schneider
44.4%
Mike Ribeiro
44.2%
Pierre Mondou
44%
Armand Mondou
43.3%
Ralph Backstrom
42.4%
Ryan Walter
41.9%
John Ferguson
41.8%
Lars Eller
40%
Chris Higgins
37.4%
Didier Pitre
33.2%
Billy Boucher
32.9%
Georges Mantha
31.7%
Sylvio Mantha
31.7%
Buddy O'Connor
21.4%
Johnny Gagnon
21%
Ken Mosdell
20.5%
Pit Lepine
15.9%
Floyd Curry
15.1%
Billy Reay
14.1%
Bert Corbeau
13%
Joe Benoit
12.3%
Louis Berlinquette
9.2%
Murph Chamberlain
8.9%
Glen Harmon
7.8%
Ray Getliffe
7.5%
Wildor Larochelle
7.1%
Paul Haynes
6.3%

You're not logged in!

Compare scores with friends on all Sporcle quizzes.
Join for Free
OR
Log In

You Might Also Like...

Show Comments

Extras

Top Quizzes Today


Score Distribution

Your Account Isn't Verified!

In order to create a playlist on Sporcle, you need to verify the email address you used during registration. Go to your Sporcle Settings to finish the process.

Report this User

Report this user for behavior that violates our Community Guidelines.

Details: